书目信息 |
| 题名: |
操作系统学习辅导
|
|
| 作者: | 张献忠 主编 | |
| 分册: | ||
| 出版信息: | 北京 清华大学出版社 2004.11 |
|
| 页数: | 370页 | |
| 开本: | 26cm | |
| 丛书名: | 高等院校信息技术课程学习辅导丛书 | |
| 单 册: | ||
| 中图分类: | TP316-42 | |
| 科图分类: | ||
| 主题词: | 操作系统--高等学校--教学参考资料 | |
| 电子资源: | ||
| ISBN: | 7-302-09612-0 | |
| 000 | 00942nam 2200253 450 | |
| 001 | 010253320328 | |
| 005 | 20051025154600.77 | |
| 010 | @a7-302-09612-0@dCNY29.00 | |
| 100 | @a20050518d2004 km y0chiy0120 ea | |
| 101 | 0 | @achi |
| 102 | @aCN@b110000 | |
| 105 | @aa a 000yy | |
| 200 | 1 | @a操作系统学习辅导@Acao zuo xi tong xue xi fu dao@f张献忠主编@Fzhang xian zhong zhu bian |
| 210 | @a北京@c清华大学出版社@d2004.11 | |
| 215 | @a370页@c图@d26cm | |
| 225 | 2 | @a高等院校信息技术课程学习辅导丛书 |
| 320 | @a有书目 (第370页)。 | |
| 330 | @a全书分为三篇。第一篇为知识篇,包括内容提要、难点分析、例题分析、习题和习题答案。第二篇为专题篇,对UNIX、DOS、Windows 2000进行了实例分析。第三篇为试题汇编。 | |
| 410 | 0 | @12001 @a高等院校信息技术课程学习辅导丛书 |
| 606 | 0 | @a操作系统@x高等学校@x教学参考资料 |
| 690 | @aTP316-42@v4 | |
| 701 | 0 | @a张献忠@Azhang xian zhong@4主编 |
| 801 | 0 | @aCN@bbQSSK@c20051025 |
| 905 | @a10447@dTP316-42@eZ219 | |
| 操作系统学习辅导/张献忠主编.-北京:清华大学出版社,2004.11 |
| 370页:图;26cm.-(高等院校信息技术课程学习辅导丛书) |
| ISBN 7-302-09612-0:CNY29.00 |
| 全书分为三篇。第一篇为知识篇,包括内容提要、难点分析、例题分析、习题和习题答案。第二篇为专题篇,对UNIX、DOS、Windows 2000进行了实例分析。第三篇为试题汇编。 |
| ● |
| 相关链接 |
|
|
|
正题名:操作系统学习辅导
索取号:TP316-42/Z219
 
预约/预借
| 序号 | 登录号 | 条形码 | 馆藏地/架位号 | 状态 | 备注 |
| 1 | 571869 | 205718696 | 自科库301/301自科库 51排5列3层/ [索取号:TP316-42/Z219] | 在馆 | |
| 2 | 571870 | 205718703 | 自科库301/301自科库 57排6列2层/ [索取号:TP316-42/Z219] | 在馆 | |
| 3 | 571871 | 205718712 | 期刊室512/301自科库 51排5列3层/ [索取号:TP316-42/Z219] | 在馆 |